000 00272nam a2200109Ia 4500
001 588753
005 20250717120837.0
008 250717s9999 xx 000 0 und d
245 0 _aZ-2 ÖMERİN ÇOCUKLUĞU
_cMUALLİM NACİ
260 _bERDEM YAYINLARI
_c2017
300 _b94
999 _c588753
_d588753